000
00334nam a2200133Ia 4500
008
240624s9999 xx 000 0 und d
041
_a
eng
082
_a
006.312 BER
100
_a
BERSON ALEX
245
_a
BUILDING DATA MINING APPLICATIONS FOR CR
260
_c
2004
_a
New Delhi
_b
Tata McGrawhill
300
_a
xxvii, : 510
365
_c
RS
999
_c
671
_d
671